عرض عادي عرض مارك
  • Rahnejat, Homer.

مدخل إسم شخص

عدد التسجيلات المستخدمة في: 1

001 - رقم الضبط

  • حقل الضبط: 75419

003 - معرف رقم الضبط

  • حقل الضبط: OSt

005 - تاريخ ووقت أخر عملية

  • حقل الضبط: 20191122170428.0

008 - عناصر بيانات ثابتة الطول

  • حقل تحكم ثابت الطول: 191122|| aca||aabn | a|a d

040 ## - مصدر الفهرسة

  • هيئة الفهرسة الأصلية: OSt
  • وكالة الكتابة: OSt

100 ## - مدخل -- أسم شخص

  • إسم شخص: Rahnejat, Homer.

670 ## - بيانات المصدر موجوده

  • الاستشهاد بالمصدر: Work cat.: (OSt)0: Gohar, R. 1928- 75417, Fundamentals of tribology /, c2012.